000 00458nam a22001577a 4500
003 BD-ChCU
005 20251208130217.0
008 251208b bg ||||| |||| 00| 0 ben d
040 _cBD-ChCU
082 _a338.91174927 STA
100 _aStephens, Robert Henry.
_917696
245 _aThe Arab's new frontier.//
_cRobert Henry Stephen's.
260 _aColorado.
_bWestview Press.
_c1976
650 0 _aArab's Economic Conditions.
_917699
942 _2ddc
_cBK
_n0
999 _c110232
_d110232